000 00454nam a2200181Ia 4500
001 16503
005 20260306170314.0
008 260306t2009||||xx |||||||||||||| ||und||
041 _aESP
082 _a348.6
_bO648 2008
100 _aOrganización Internacional del Trabajo
_eAUT
245 0 _aPanorama laboral 2008:
_bAmérica Latina y el Caribe
260 _c2009
300 _a
_c
650 _aGEN
654 _aCDE
942 _cLIB
_dJUS
_fJUS
_2ddc
_n
999 _c16503
_d16503